00972 2200337 4500001002100000005001500021035002000036007000300056040001700059100002900076245008200105250001400187300003500201020002200236041000800258082000800266084001400274090001900288264003100307336002100338337003000359338002300389650001500412700004000427700004800467850001000515008004100525990002200566990002300588990002300611INLIS00000000000644620260412075432 a0010-0422000051ta aSBPUPADbind0 aKathy CharnerePengarang1 aBuku Pintar PAUD :bBelajar Bentuk /cKathy Charner; Editor:Yuki Anggia Putri a.-Cet. 16 a103 hlm, :billus. ;c21x28 cm a978-979-099-633-51 aind a372 a372 KAT b a372 KAT b T3-4 aJakarta :bErlangga,c2012 2rdacontentaTeks 2rdamediaaTanpa Perantara 2rdacarrieravolume 4aPendidikan0 aEditor;Yuki Anggia PutriePengarang0 aPenerjemah:Utami Diah KusumawatiePengarang aPUPAD260412 0  a26.965/P/DPK/2017 a26.964/P/DPK /2017 a26.963/P/DPK /2017